Sociedad 6 : [educación básica] / (Registro nro. 9788)

Detalles MARC
000 -LIDER
fixed length control field 01739nam a2200385 a 4500
001 - NÚMERO DE CONTROL
Identificador de número de control 00194
003 - IDENTIFICACDOR DE NÚMERO DE CONTROL
control field DO-SdBNP
005 - DATE AND TIME OF LATEST TRANSACTION
control field 20160516145156.0
007 - CAMPOS FIJOS DE DESCRIPCIÓN FÍSICA
fixed length control field 00194
008 - ELEMENTOS DE LONGITUD FIJA
fixed length control field 091123s2000 dr 2000 000 0 spa d
020 ## - ISBN
International Standard Book Number 9788482612348
040 ## - FUENTE DE CATALOGACIÓN
Agencia que crea de manera original el registro BNPHU
Idioma de catalogación spa
Agencia que realiza la transcripción BNPHU
092 ## - LOCALLY ASSIGNED DEWEY DECIMAL CALL NUMBER
Número de clasificación 372.83
Número de ítem (Cutter) I58s 6to. 2000
100 1# - ASIENTO PRINCIPAL -- NOMBRE PERSONAL
Nombre personal Inoa, Orlando
245 10 - MENCIÓN DE TITULO
Título Sociedad 6 : [educación básica] /
Mención de responsabilidad Orlando Inoa ; dirección editorial Obdulia García de Escobar ; editora Margarita Castro Catrain
260 ## - PUBLICACIÓN, DISTRIBUCIÓN, ETC. (PIE DE IMPRENTA)
Lugar de publicación, distribución, etc Santo Domingo :
Nombre del editor, distribuidor, etc. Santillana,
Fecha de publicación, distribución, etc 2000.
300 ## - DESCRIPCIÓN FÍSICA
Extensión 160 p. :
Otros detalles físicos il., mapa, retrs. ;
Dimensiones 28 cm.
490 1# - MENCIÓN DE SERIES
Mención de serie Umbral
505 0# - NOTA DE CONTENIDO
Título Unidad 1.
-- El expancionismo europeo --
-- Unidad 2.
-- Colonización en América --
-- Unidad 3.
-- Santo Domingo español --
-- Unidad 4.
-- El origen de Saint Domingue --
-- Unidad 5.
-- Las revoluciones burguesas --
-- Unidad 6.
-- Las luchas antiesclavistas --
-- Unidad 7.
-- Las independencias americanas /
-- Unidad 8.
-- La conciencia criolla /
-- Unidad 9.
-- Estado, nación y democracia.
Mención de responsabilidad
650 #4 - ENCABEZAMIENTO DE MATERIA--TEMÁTICO
Término temático o nombre geográfico como elemento de entrada CIENCIAS SOCIALES
Subdivisión temática general EDUCACIÓN BÁSICA
650 #4 - ENCABEZAMIENTO DE MATERIA--TEMÁTICO
Término temático o nombre geográfico como elemento de entrada CIENCIAS SOCIALES
Subdivisión temática general EDUCACIÓN PRIMARIA
650 #4 - ENCABEZAMIENTO DE MATERIA--TEMÁTICO
Término temático o nombre geográfico como elemento de entrada CIENCIAS SOCIALES
Subdivisión temática general LIBROS DE TEXTOS
650 #4 - ENCABEZAMIENTO DE MATERIA--TEMÁTICO
Término temático o nombre geográfico como elemento de entrada EDUCACIÓN PRIMARIA
Subdivisión geográfica REPÚBLICA DOMINICANA
700 12 - ASIENTO SECUNDARIO -- NOMBRE PERSONAL
Nombre personal García Escobar, Obdulia,
Mención de responsabilidad ed.
700 1# - ASIENTO SECUNDARIO -- NOMBRE PERSONAL
Nombre personal Castro Catrain, Margarita,
Mención de responsabilidad ed.
830 #0 - ASIENTO SECUNDARIO DE SERIE--TÍTULO UNIFORME
Título uniforme Umbral
910 ## - VALIDACIÓN
Validación Validado. Control de calidad MFF
930 #1 - EQUIVALENCE OR CROSS-REFERENCE-UNIFORM TITLE HEADING [LOCAL, CANADA]
Language of a work BND01
Medium of performance for music LF1
Field link and sequence number 20091123
Date of a work 01
Name of part/section of a work CT
Miscellaneous information 8150
Medium v. 1
930 #1 - EQUIVALENCE OR CROSS-REFERENCE-UNIFORM TITLE HEADING [LOCAL, CANADA]
Language of a work BND01
Medium of performance for music LF1
Field link and sequence number 20150622
Date of a work 01
Name of part/section of a work CT
Miscellaneous information 49175
Medium v. 3
930 #1 - EQUIVALENCE OR CROSS-REFERENCE-UNIFORM TITLE HEADING [LOCAL, CANADA]
Language of a work BND01
Medium of performance for music LF1
Field link and sequence number 20150622
Date of a work 01
Name of part/section of a work CT
Miscellaneous information 49175
Medium v. 4
942 ## - ADDED ENTRY ELEMENTS (KOHA)
Source of classification or shelving scheme Dewey Decimal Classification
Koha item type Libros
956 ## - LOCAL ELECTRONIC LOCATION AND ACCESS (OCLC)
Nombre de host YLOCKWARD
Número de acceso 10
Información de compresión 20150622
Inicio de sesión BND01
Procesador de solicitud 1021
956 ## - LOCAL ELECTRONIC LOCATION AND ACCESS (OCLC)
Nombre de host VMATEO
Número de acceso 10
Información de compresión 20150708
Inicio de sesión BPMSU
Procesador de solicitud 00151
956 ## - LOCAL ELECTRONIC LOCATION AND ACCESS (OCLC)
Nombre de host BTAVÁREZ
Número de acceso 10
Información de compresión 20160414
Inicio de sesión 00193
Existencias
Withdrawn status Lost status Source of classification or shelving scheme Damaged status Not for loan Collection code Home library Current library Date acquired Source of acquisition Total Checkouts Full call number Barcode Date last seen Price effective from Koha item type Copy number
    Dewey Decimal Classification       Biblioteca Pública Metropolitana Salomé Ureña Biblioteca Pública Metropolitana Salomé Ureña 04/14/2016 Donación   372.83 I58s 6to. 2000 BPMSU16040467 04/14/2016 04/14/2016 Libros  
    Dewey Decimal Classification       Biblioteca Pública Metropolitana Salomé Ureña Biblioteca Pública Metropolitana Salomé Ureña 04/14/2016 Donación   372.83 I58s 6to. 2000 BPMSU16040468 04/14/2016 04/14/2016 Libros ej. 2